LEADER 01044nam a22002411i 4500 001 991002019779707536 005 20040127123414.0 008 040407s1984 it a||||||||||||||||ita 035 $ab12858535-39ule_inst 035 $aARCHE-083815$9ExL 040 $aDip.to Scienze Storiche$bita$cA.t.i. Arché s.c.r.l. Pandora Sicilia s.r.l. 082 04$a911 100 1 $aConti, Simonetta$0129630 245 10$aEvoluzione del paesaggio agrario e dell'insediamento nell'alta Valle dell'Aniene durante il Medio evo /$cSimonetta Conti 260 $aRoma :$b[s.n.,$c1984?] 300 $aP. 107-118 :$bill. ;$c29 cm. 500 $aEstr. da: Geografia, (1984). 907 $a.b12858535$b02-04-14$c16-04-04 912 $a991002019779707536 945 $aLE009 GEOG.MISC. 4/27$g1$i2009000316409$lle009$o-$pE0.00$q-$rn$so $t0$u0$v0$w0$x0$y.i13418750$z16-04-04 996 $aEvoluzione del paesaggio agrario e dell'insediamento nell'alta Valle dell'Aniene durante il Medio evo$9303213 997 $aUNISALENTO 998 $ale009$b16-04-04$cm$da $e-$fita$git $h0$i1 LEADER 01261nam0 22002891i 450 001 UON00256526 005 20231205103654.678 010 $a09-14-93017-6 100 $a20040726d2002 |0itac50 ba 101 $aeng 102 $aUS 105 $a|||| ||||| 200 1 $aˆThe ‰dissemination of the wealth of nations in French and in France (1776-1843)$fby Kenneth E. Carpenter 210 $aNew York$cThe Bibliographical Society of America$d2002 215 $aLXIII, 255 p.$d24 cm. 606 $aEconomia$xBibliografie$3UONC035893$2FI 606 $aFrancia$xEconomia$xStoria$xSec. 18.-19.$3UONC055496$2FI 620 $aUS$dNew York$3UONL000050 676 $a016.330$cBIBLIOGRAFIA DI ECONOMIA$v21 702 1$aCARPENTER$bKenneth E.$3UONV151880 712 $aThe Bibliographical Society of America$3UONV270570$4650 801 $aIT$bSOL$c20260123$gRICA 899 $aSIBA - SISTEMA BIBLIOTECARIO DI ATENEO E ARCHIVIO STORICO$2UONSI 912 $aUON00256526 950 $aSIBA - SISTEMA BIBLIOTECARIO DI ATENEO E ARCHIVIO STORICO$dSI EUR C A 0770 $eSI SC 39819 5 0770 996 $aDissemination of the wealth of nations in French and in France (1776-1843$91238463 997 $aUNIOR